000 00348nam a2200133Ia 4500
008 240624s9999 xx 000 0 und d
041 _aeng
082 _a658.4092 BOO
100 _aBOOHER DIANNA
245 _aCOMMUNICATE LIKE A LEADER CONNECTING STR
260 _c2017
_aNew Delhi
_bHarperCollins
300 _a192 p.; 23 cm.
365 _cRS
_b27.5
999 _c29780
_d29780